LEADER 00702nas a2200205 i 4500 001 000000237257 003 CaOOAMICUS 005 20141222000000.0 008 141222b1983 it uu u0 0ita r 013 $a216162 040 $aSeMil$bita 245 10$a1983 :$baprile. 260 $aBrescia :$bQueriniana,$c1983. 300 $a142 p. ;$c22 cm. 773 0 $tServizio della Parola.$dBrescia : Queriniana, 1968.$w()3162 774 0 $t[SENZA TITOLO].$w()283249 850 $aSeMil 852 $aSeMil$W1$xVenegono$y1$m40 6 147$j187603$B187603$CSeMilBibl$Z2$F198515 $85 996 $6245$a1983 :$baprile$9(OLS)http://semarc/title/338168 996 $6260$aBrescia :$bQueriniana$9(OLS)http://semarc/publisher/29615 LEADER 01234nam a2200253 i 4500 001 000000054135 003 CaOOAMICUS 005 20120417000000.0 008 120417s1946 xx u000 u spa u 013 $a25307 040 $aSeMil$bita 100 1 $aGonzales-Ruiz, Manuel.$0(OLS)http://semarc/name/26884 245 14$aLas Capellanías en España /$cPontificia Universitas Gregoriana ; por Manuel Gonzales-Ruiz. 260 $aMadrid :$b[s.n.],$c1946. 300 $a46 p. ;$c24 cm. 490 0 $aExcerpta ex Dissertatione ad lauream in Facultate iuris canonici Pontificiae Univeritatis Gregorianae 650 4$aSpagna - Legislazione ecclesiastica.$0(OLS)http://semarc/subject/8690 650 4$aTesi di laurea.$0(OLS)http://semarc/subject/1690 710 2 $aPontificia Università Gregoriana .$0(OLS)http://semarc/name/5 830 0$aExcerpta ex Dissertatione ad lauream in Facultate iuris canonici Pontificiae Univeritatis Gregorianae.$0(OLS)http://semarc/title/32712 850 $aSeMil 852 $aSeMil$W1$xVenegono$y1$m2I I 336$j20289$B20289$CSeMilBibl$Z2$F20291 $81 996 $6245$aLas Capellanías en España$9(OLS)http://semarc/title/83703 996 $6260$aMadrid :$b[s.n.]$9(OLS)http://semarc/publisher/30474